000 00422nab a2200145Ia 4500
003 ES-SlBCS
005 20210601151055.0
008 140529s2004 xxu||||| |||| 00| 0 und d
041 _aooo
100 1 _aRechlewicz, Wojciech
_9329873
245 0 0 _aIrracjnalizm w ujeciu Izydory Dambskiej
_c Wojciech Rechlewicz
650 0 4 _aIrracionalismo
_9138148
773 0 _tParerga
_gnº. 2, 2004, págs. 69-90
_wRev1522
942 _cAR
999 _c751360
_d751360